| 000 | 00496nam a2200181Ia 4500 | ||
|---|---|---|---|
| 005 | 20250508162027.0 | ||
| 008 | 008 250505s9999 xx 000 0 hin d | ||
| 037 | _aTextual | ||
| 040 |
_aFEDL _beng _cFEDL |
||
| 041 |
_ahin _2hin |
||
| 084 |
_aFH, SHA _qFEDL |
||
| 100 |
_aDharampal Shastri _9772092 |
||
| 245 | 0 | _aTuphan: Tatha Shekspeare ki anye kahaniyan | |
| 260 |
_aDelhi, India _bRajpal and Sons |
||
| 300 | _a108p | ||
| 942 |
_cTEXL _hFH, SHA |
||
| 999 |
_c1373918 _d1373918 |
||